000 00884nam a2200241 a 4500
001 BRCA_693
005 20190320203117.0
008 880204s1989 nyua---##b---#001-0#eng-#
020 _a0500235430
040 _aDLC
_cDLC
_dDLC
050 4 _aZ269
_b.D86 1989
100 1 _aDuncan, Alastair
_d1942-
_92285
245 1 0 _aArt Nouveau and Art Deco Bookbinding
_bThe French Masterpieces, 1880-1940
_cAlastair Duncan & Georges de Bartha ; preface by Priscilla Juvelis.
260 _aLondres
_bThames and Hudson
_c1989
300 _a200 p.
_bil. (algunas a color)
_c30 cm.
500 _aIncluye índice alfabético
504 _aBibliografía: p. 197-198
650 1 4 _aEncuadernación
_xHistoria
_ySiglo XX
_92286
650 1 4 _aDecoración y ornamentación
_xArt Nouveau
_92287
650 1 4 _aDecoración y ornamentación
_xArt decó
_92288
700 1 _aBartha, Georges de
_92289
942 _2lcc
_cB
999 _c599
_d599